000 00642nam a2200277Ia 4500
005 20260320195758.0
008 008 262003s9999 xx 000 0 hin d
020 _a9788183614481
037 _aEBOOK
040 _aCRL
040 _bhin
040 _cCRL
041 _2hin
041 _ahin
084 _qCRL
100 _aकुमार अंबुज
_91133002
245 0 _aअमीरी रेखा
250 _a2nd
260 _bRajkamal
260 _c2019
300 _a123
856 _uhttps://ebook.indiaread.in/pdfs/9788183614481.pdf
942 _cEBOOK
999 _c1716453
_d1716453